000 00490nam a2200169Ia 4500
999 _c28882
_d28882
003 OSt
005 20210104113430.0
008 190216s9999||||xx |||||||||||||| ||und||
040 _coclc
082 _a894.8121
_bKUN/O
100 _aKunissery, Vijayakumar
_97613
245 0 _aOttakkannokku /
_cVijayakumar Kunissery
260 _bZorba Publications,
_aPalakkad:
_c2004.
300 _a86p
650 _aKavitha
942 _cBK
_2ddc
_h894.8121
_iKUN/O
_k894.8121
_mKUN/O